000 00369nam a2200133Ia 4500
008 191009s9999||||xx |||||||||||||| ||und||
082 _a242
_bJHA/M
100 _aJha, Kishor Nath
245 0 _aMahakal Sanhita-Guhya Kali Khand. Dvitiyo Bhagah.
250 _a1
260 _aAllahabad
_bganganath Jha Kendriya Sanskrit Vidya Peeth
_c1977
300 _a642
942 _cBK
999 _c18986
_d18986